Magyarország régi és jelenkori lakossága arckoponyájának horizontális profilozottsága a magyar nép származásának problémájával kapcsolatban /

Elmentve itt :
Bibliográfiai részletek
Szerző: Tóth Tibor
Dokumentumtípus: Cikk
Megjelent: [Akadémiai] [Budapest] 1958
Sorozat:Antropologiai közlemények : a Magyar Biológiai Társaság Embertani Szakosztályának folyóirata;Anthropologiai közlemények : a Magyar Biológiai Társaság Embertani Szakosztályának folyóirata
Kulcsszavak:Embertan - magyarok
Tárgyszavak:
Online Access:http://misc.bibl.u-szeged.hu/61380
LEADER 01063nab a2200229 i 4500
001 misc61380
005 20240909153027.0
008 240209s1958 hu o 000 hun d
040 |a SZTE Miscellanea Repozitórium  |b hun 
041 |a hun 
100 1 |a Tóth Tibor 
245 1 0 |a Magyarország régi és jelenkori lakossága arckoponyájának horizontális profilozottsága   |h [elektronikus dokumentum] :  |b a magyar nép származásának problémájával kapcsolatban /  |c  Tóth Tibor 
260 |a [Akadémiai]  |b [Budapest]  |c 1958 
300 |a 87-92  |c 24 cm 
300 |a [6] p.  |c 24 cm 
490 0 |a Antropologiai közlemények : a Magyar Biológiai Társaság Embertani Szakosztályának folyóirata;Anthropologiai közlemények : a Magyar Biológiai Társaság Embertani Szakosztályának folyóirata 
561 |a Németh Gyula hagyaték 
591 |a NOV 6136 
650 4 |a Társadalomtudományok 
650 4 |a Szociológia 
695 |a Embertan - magyarok 
856 4 0 |u http://misc.bibl.u-szeged.hu/61380/1/6136_nov.pdf  |z Dokumentum-elérés